000 00300nam a2200133Ia 4500
008 221030s9999 xx 000 0 und d
041 _aEnglish
082 _a105.23
100 _aA. K. Pujari
245 0 _aDatabase Management Systems
_cby A. K. Pujari
260 _c0
650 _aB
942 _cBK
999 _c13198
_d13198